000 00524nam a2200193Ia 4500
005 20250617101659.0
008 008 250516s9999 xx 000 0 eng d
020 _a9781032905129
040 _beng
_cSDCL
041 _aeng
_2eng
084 _aY15 R4
245 0 _aFeminist and anticaste pedagogies :
_bA Sharmila rege reader
260 _aLondon :
_bRoutledge,
_c2024.
300 _axii, 194p.
650 _aPolitical Science
700 _aGeetha, V. Ed.
700 _aChakravarti, Uma Ed.
942 _cTEXL
_2CC
999 _c1429799
_d1429799